Počítačové sítě bez předchozích znalostí

Saved in:
Bibliographic Details
Main Author: Odom, Wendell (Author)
Format: Book
Language:Czech
Published: Praha : CP Books, 2005
Subjects:
Tags: Add Tag
No Tags, Be the first to tag this record!

MARC

LEADER 00000nam a22000003a 4500
001 stu113325
005 20220506105339.9
008 060308s2005----xr------------------cze-d
020 |a 80-251-0538-5 
040 |a STU  |b slo 
041 0 |a cze 
044 |a xr 
080 |a 681.3(038) 
100 1 |a Odom, Wendell  |4 aut 
245 1 |a Počítačové sítě bez předchozích znalostí 
260 |a Praha :  |b CP Books,  |c 2005 
300 |a 383 s 
650 7 |a počítačové siete  |2 stusub 
996 |b 284EK86140  |c E*86140  |l EE0101  |s P  |a 0  |w stu113325_0001 
996 |b 284IK06621  |l II680  |s A  |a 24  |w stu113325_0002 
996 |b 284EK86865  |c E*86865  |l EE01  |s A  |a 24  |w stu113325_0004